| 000 | 00777nam a22002177a 4500 | ||
|---|---|---|---|
| 008 | 130821s1994 sp gr spa | ||
| 020 | _a958 04 1244 8 | ||
| 040 |
_aCo-BoUCM _bspa |
||
| 041 | 0 | 0 | _aspa |
| 100 | 1 | _aPalma, Ricardo | |
| 245 | 1 | 0 |
_aTradiciones peruanas _cRicardo Palma ; selección de Santiago Londoño Vélez. |
| 260 |
_aBarcelona (España) _bGrupo Editorial Norma _c1994 |
||
| 300 | _a[287 páginas] | ||
| 501 | _aA Propósito de Ricardo Palma y su obra | ||
| 600 |
_aPalma, Ricardo _d1833-1919 _xCrítica e interpretación, etc. |
||
| 650 |
_aCuentos peruanos _912298 |
||
| 650 |
_aLiteratura latinoamericana _918700 |
||
| 650 |
_aLiteratura peruana _918723 |
||
| 942 |
_cLIBRO _a18 _e1 _kPE _mP171t _2DEWEY _h863.4 |
||
| 999 |
_c91925 _d91925 |
||